[Event "Hoogovens-B"]
[Site "Wijk aan Zee"]
[Date "1989.??.??"]
[Round "?"]
[White "Nijboer, Friso"]
[Black "Lau, Ralf"]
[Result "1-0"]
[WhiteElo "2445"]
[BlackElo "2475"]

1.e4 d6 2.d4 Nf6 3.Nc3 c6 4.f4 Qa5 5.Bd3 e5 6.Nf3 Bg4 7.dxe5 dxe5 8.fxe5 Nfd7
9.e6 fxe6 10.h3 Qh5 11.Be3 Bc5 12.Bxc5 Bxf3 13.Qxf3 Qxf3 14.gxf3 Nxc5 15.f4 Nbd7
16.O-O-O a5 17.Rhg1 O-O 18.Bc4 Nb6 19.Rg5 Nxc4 20.Rxc5 Ne3 21.Rd3 Ng2 22.f5 exf5
23.exf5 Nh4 24.Rd7 Rab8 25.Rxa5 Nxf5 26.a4 g6 27.Ra7 Ne3 28.Raxb7 Rf1+ 29.Kd2 Re8
30.Rg7+ Kf8 31.Rxh7 Nc4+ 32.Kd3 Ne5+ 33.Ke2 Rf7 34.Rh8+  1-0

[Event "Hoogovens-B"]
[Site "Wijk aan Zee"]
[Date "1989.??.??"]
[Round "?"]
[White "Hodgson, Julian M"]
[Black "Andruet, Gilles"]
[Result "1-0"]
[WhiteElo "2545"]
[BlackElo "2420"]

1.e4 d6 2.d4 Nf6 3.Nc3 c6 4.f4 Qa5 5.Bd2 Qb6 6.Nf3 Bg4 7.h3 Bxf3 8.Qxf3 Qxd4
9.O-O-O Nbd7 10.g4 g6 11.h4 h5 12.g5 Ng4 13.Bh3 Bg7 14.Bxg4 hxg4 15.Qxg4 Rh5
16.Rh3 O-O-O 17.e5 dxe5 18.Rd3 Qc4 19.Be3 e6 20.Qe2 Qb4 21.Qd2 Qe7 22.Ne4  1-0

[Event "Hoogovens-B"]
[Site "Wijk aan Zee"]
[Date "1989.??.??"]
[Round "?"]
[White "Campora, Daniel H"]
[Black "Hodgson, Julian M"]
[Result "0-1"]
[WhiteElo "2500"]
[BlackElo "2545"]

1.e4 d6 2.d4 Nf6 3.Nc3 c6 4.Nf3 Bg4 5.h3 Bh5 6.Bd3 e6 7.Ne2 d5 8.e5 Nfd7
9.Nf4 Bxf3 10.Qxf3 Qb6 11.O-O Qxd4 12.Nxe6 fxe6 13.Qh5+ Kd8 14.Bg5+ Be7 15.Bxe7+ Kxe7
16.Qg5+ Kf7 17.Rae1 Na6 18.Re3 Raf8 19.Rfe1 Qb4 20.f4 Qe7 21.Qg4 Nac5 22.f5 Ke8
23.fxe6 Qxe6 24.Qd4 Nxd3 25.cxd3 Nb6 26.a4 Rf7 27.a5 Nc8 28.a6 b6 29.b4 Rhf8
30.R3e2 Rf4 31.Qc3 Ne7 32.d4 Qf5 33.Kh2 Rf1 34.Rxf1 Qxf1 35.Re1 Qc4 36.Qd2 Rf1
37.e6 Ng6 38.b5 cxb5 39.Re3 Qc7+  0-1

[Event "JUG-chT"]
[Site "Zlatibor"]
[Date "1989.??.??"]
[Round "?"]
[White "Djuric, Stefan"]
[Black "Cabrilo, Goran"]
[Result "1-0"]
[WhiteElo "2470"]
[BlackElo "2510"]

1.d4 d6 2.e4 Nf6 3.Nc3 c6 4.a3 g6 5.f4 Bg7 6.Nf3 O-O 7.Bd3 Nbd7 8.e5 Ne8
9.Qe2 Nc7 10.Be3 c5 11.dxc5 dxe5 12.f5 e4 13.Bxe4 Na6 14.Qc4 gxf5 15.Bxf5 Ndxc5
16.Rd1 Qe8 17.Rd5 Bxf5 18.Rxf5 Ne6 19.O-O Nac7 20.Ng5 Nxg5 21.Qxc7 Ne6 22.Qxb7 Rb8
23.Qe4 Rxb2 24.Rh5 f5 25.Qxe6+ Kh8 26.Rfxf5 Bxc3 27.Rxh7+  1-0

[Event "Klee mem"]
[Site "Zuerich"]
[Date "1989.??.??"]
[Round "7"]
[White "Ilic, Zoran"]
[Black "Ruf, Matthias"]
[Result "1-0"]
[WhiteElo "2380"]
[BlackElo "2330"]

1.d4 d6 2.e4 Nf6 3.Nc3 c6 4.g3 e5 5.Nge2 Be6 6.Bg2 Qc8 7.h3 Be7 8.Be3 Bc4
9.b3 Ba6 10.O-O O-O 11.Re1 Nbd7 12.Na4 b5 13.Nb2 Bb7 14.c4 b4 15.Nd3 c5 16.d5 Ne8
17.f4 Bf6 18.f5 Qd8 19.Qd2 h6 20.h4 Be7 21.Bf3 Nef6 22.Kg2 Kh7 23.Rh1 Ng8
24.g4 Re8 25.g5 Bf8 26.Ng3 a5 27.a4 bxa3 28.Rxa3 a4 29.bxa4 Ba6 30.Rc1 Rb8
31.a5 Rb7 32.Bh5 g6 33.Bf3 h5 34.Qe2 Qb8 35.Bxh5 gxh5 36.Qxh5+ Nh6 37.g6+ Kg8
38.Bxh6 Nf6 39.gxf7+ Rxf7 40.Qg6+  1-0

[Event "Aarhus-A"]
[Site "Aarhus"]
[Date "1990.??.??"]
[Round "3"]
[White "Rewitz, Poul"]
[Black "Hoiberg, Nina"]
[Result "0-1"]
[WhiteElo "2235"]
[BlackElo "2280"]

1.d4 d6 2.e4 Nf6 3.Nc3 c6 4.g3 Nbd7 5.Bg2 e5 6.Nge2 Be7 7.O-O O-O 8.a4 Re8
9.a5 Nf8 10.h3 Bd7 11.Be3 Qc8 12.Kh2 h5 13.f4 h4 14.dxe5 hxg3+ 15.Nxg3 dxe5
16.fxe5 N6h7 17.Qh5 Be6 18.Nf5 Qc7 19.Bf4 Ng6 20.Bg3 Bb4 21.Nd6 Bxd6 22.exd6 Qd8
23.e5 a6 24.Be4 Nhf8 25.Bd3 c5 26.Be4 Qd7 27.Rf3 Rab8 28.Raf1 c4 29.Nd5 Qb5
30.Nc7 Qxb2 31.Nxe6 Rxe6 32.Rxf7 Qd4 33.d7 Qxe4 34.Qg5 Qd5 35.h4 Nxd7 36.h5 Ndxe5
37.hxg6 Nf3+ 38.R1xf3 Qxg5 39.Bxb8 Re2+  0-1

[Event "Athens (Women)"]
[Site "Athens"]
[Date "1990.??.??"]
[Round "?"]
[White "Makropoulou, Marina"]
[Black "Lazarevic, Milunka"]
[Result "1/2-1/2"]
[WhiteElo "2230"]
[BlackElo "2190"]

1.e4 d6 2.d4 Nf6 3.Nc3 Nbd7 4.Nf3 e5 5.Be2 Be7 6.O-O c6 7.a4 a5 8.h3 h6 9.Be3 g5
10.Nh2 Nf8 11.dxe5 dxe5 12.Qxd8+ Bxd8 13.Rfd1 Ng6 14.Rd2 Be7 15.Rad1 Be6
16.Nf1 Nf4 17.Ng3 Nxe2+ 18.Ncxe2 O-O 19.Bb6 Rfc8 20.f3 Kf8 21.Be3 Ke8 22.Nc1 b5
23.Nd3 Nd7 24.Nh5 bxa4 25.Ng7+ Kf8 26.Nxe6+ fxe6 27.Ra1 a3 28.bxa3 Rab8 29.Kf1 Rb7
30.Ke2 Rcb8 31.Rdd1 Ke8 32.Bf2 a4 33.Bg3 Rb5 34.c4 Rb3 35.Nxe5 Nxe5 36.Bxe5 R8b7
37.Rd3 Rxd3 38.Kxd3 Rb3+ 39.Kc2 Re3 40.Kd2 Rb3 41.Bd4 Rxa3 42.Rxa3 Bxa3 43.g4 Bb4+
44.Kc2 Kf7 45.Kb2 c5 46.Be5 Kg6 47.Ka2 h5 48.Bc7 hxg4 49.hxg4 Kf6 50.Bd8+ Kg6
51.Be7 Kh6 52.Bf6 Kg6 53.Bb2 Kf7 54.Be5 Kg6  1/2-1/2

[Event "Athens (Women)"]
[Site "Athens"]
[Date "1990.??.??"]
[Round "?"]
[White "Karayani, E."]
[Black "Lematschko, Tatjana"]
[Result "0-1"]
[WhiteElo "2015"]
[BlackElo "2325"]

1.e4 d6 2.d4 Nf6 3.Nc3 c6 4.a4 Qa5 5.Qd2 Qc7 6.h3 e5 7.Nf3 Nbd7 8.d5 Nc5
9.Qe2 a5 10.Bg5 Be7 11.g3 Qb6 12.Bc1 Qb4 13.Nd2 O-O 14.Bg2 cxd5 15.exd5 Bf5
16.Qd1 Bd7 17.O-O Nxa4 18.Nxa4 Bxa4 19.c3 Bxd1 20.cxb4 Be2 21.Re1 Bb5 22.Rxa5 Rxa5
23.bxa5 Rc8 24.b3 Bd8 25.b4 b6 26.axb6 Bxb6 27.Nf1 Bd4 28.Be3 Kf8 29.Rc1 Rxc1
30.Bxc1 Bc3 31.Ba3 Ke7 32.Ne3 g6 33.Ng4 Nxg4 34.hxg4 Bc4 35.Be4 Bd2 36.Kg2 Kd7
37.Kf3 Kc7 38.Kg2 Be2 39.Bf3 Bd3 40.Bd1 e4 41.Ba4 Be2 42.Be8 f6 43.b5 Bxg4
44.b6+ Kxb6 45.Bxd6 Bf3+ 46.Kf1 e3 47.fxe3 Bxd5 48.Ke2 Bc1 49.Kd3 Bb2 50.e4 Be6
51.Ke3 Bg4 52.Kf4 Bh5 53.Ke3 Bc1+ 54.Kd4 Bg4 55.Kd3 Bb2 56.Ke3 Be5 57.Be7 g5
58.Kf2 h5 59.Bg6 Kb5 60.Bf8 Kc4  0-1

[Event "Badenweiler op"]
[Site "Badenweiler"]
[Date "1990.??.??"]
[Round "6"]
[White "Palos, Osman"]
[Black "Schwarz, Michael"]
[Result "1-0"]
[WhiteElo "2385"]
[BlackElo "2270"]

1.e4 d6 2.d4 Nf6 3.Nc3 c6 4.h3 e5 5.Nf3 Qc7 6.Bd3 b5 7.O-O Be7 8.Ne2 O-O
9.Ng3 Nbd7 10.Nf5 Nb6 11.Nxe7+ Qxe7 12.dxe5 dxe5 13.Bg5 Qe6 14.Nh4 h6 15.Bc1 Qe7
16.Qf3 g5 17.Nf5 Bxf5 18.Qxf5 Nh5 19.g3 Ng7 20.Qf3 Rad8 21.b3 Rfe8 22.Be3 Ne6
23.h4 f6 24.hxg5 fxg5 25.Qf5 Qg7 26.Kg2 Nd4 27.Qg4 Nd7 28.Bxd4 exd4 29.f4 Nf6
30.Qf5 gxf4 31.Rxf4 Nh7 32.Raf1 Ng5 33.Qc5 Ne6 34.Qxc6 Nxf4+ 35.Rxf4 Re5
36.Rf5 Rf8 37.Qd6 Rfxf5 38.exf5 Qb7+ 39.Kf2 Re3 40.Qg6+ Qg7 41.Bxb5 Qxg6
42.fxg6 Kg7 43.Bd3 a5 44.a3 Kf6 45.b4 axb4 46.axb4 h5 47.b5 Re8 48.Kf3 Re7
49.Be4 Re6 50.Kf4 Rd6 51.g7 Kxg7 52.Ke5 Rd8 53.b6 Kf7 54.b7 Ke7 55.Kf5 Rg8
56.Bd5  1-0

[Event "Bela Crkva op"]
[Site "Bela Crkva"]
[Date "1990.??.??"]
[Round "7"]
[White "Bogumil, Pavel"]
[Black "Berezjuk, Sergej"]
[Result "1/2-1/2"]
[WhiteElo "2390"]
[BlackElo "2300"]

1.e4 d6 2.d4 Nf6 3.Nc3 c6 4.a4 Na6 5.Bxa6 bxa6 6.Nf3 g6 7.O-O Bg7 8.a5 O-O
9.Re1 Rb8 10.h3 Ne8 11.Qd3 Nc7 12.Ne2 Ne6 13.c3 c5 14.d5 Nc7 15.Nd2 e6 16.Nc4 e5
17.f4 f5 18.fxe5 fxe4 19.Qxe4 Bf5 20.Qf3  1/2-1/2

[Event "Belgrade (Women)"]
[Site "Belgrade"]
[Date "1990.??.??"]
[Round "5"]
[White "Nikolin, Zorica"]
[Black "Cejic, Dusica"]
[Result "1-0"]
[WhiteElo "2220"]
[BlackElo "2240"]

1.e4 d6 2.d4 Nf6 3.Nc3 c6 4.Bg5 Nbd7 5.f4 Qa5 6.Qd2 e5 7.Nf3 Be7 8.Be2 O-O
9.O-O Qc7 10.Rad1 b5 11.a3 a5 12.b4 axb4 13.axb4 exd4 14.Nxd4 Nb8 15.e5 dxe5
16.fxe5 Ng4 17.Bxg4 Bxg4 18.Bf6 Bxf6 19.exf6 Bh5 20.Nf5 Bg6 21.Ne7+ Kh8 22.Qd4  1-0

[Event "Belgrade (Women)"]
[Site "Belgrade"]
[Date "1990.??.??"]
[Round "7"]
[White "Bojkovic, Natasa"]
[Black "Cejic, Dusica"]
[Result "1-0"]
[WhiteElo "2270"]
[BlackElo "2240"]

1.e4 d6 2.d4 Nf6 3.Nc3 c6 4.f4 Qa5 5.Bd2 Qb6 6.Nf3 Bg4 7.e5 dxe5 8.fxe5 Nd5
9.Na4 Qc7 10.c4 Nb6 11.Nc3 e6 12.c5 Nd5 13.Ne4 f5 14.Nd6+ Bxd6 15.exd6 Qf7
16.Be2 Bxf3 17.Bxf3 O-O 18.Qb3 Na6 19.O-O Rae8 20.Rae1 Nb8 21.Re2 b5 22.Qd3 Nd7
23.Bxd5 exd5 24.Rxe8 Rxe8 25.Rxf5 Qg6 26.Qf3 Nf6 27.Bg5 h6 28.Bxf6 gxf6 29.h3 Kg7
30.Kh2 a5 31.Rf4 h5 32.Rf5 h4 33.Rf4  1-0

[Event "Neukoelln"]
[Site "Berlin"]
[Date "1990.??.??"]
[Round "4"]
[White "Rabiega, Robert"]
[Black "Hausner, Ivan"]
[Result "0-1"]
[WhiteElo "2345"]
[BlackElo "2440"]

1.e4 d6 2.d4 Nf6 3.Nc3 c6 4.Nf3 Bg4 5.Be2 e6 6.Be3 Be7 7.Nd2 Bxe2 8.Qxe2 d5
9.e5 Nfd7 10.Qg4 g6 11.Bh6 c5 12.Qh3 cxd4 13.Nb5 Qb6 14.Nd6+ Bxd6 15.exd6 Nc6
16.Qh4 Qb4 17.O-O-O Qxd6 18.Nf3 Qe7 19.Qg3 Qc5 20.Qh4 Qc4 21.b3 Qb4 22.Nxd4 Qa3+
23.Kd2 Qe7 24.Bg5 Qb4+ 25.c3 Qa5 26.a4 Nxd4 27.Qxd4 e5 28.Qd3 O-O 29.Ke2 d4
30.Qb5 Qxb5+ 31.axb5 Nc5 32.cxd4 exd4 33.Rxd4 Nxb3 34.Rd5 Rfe8+ 35.Kf3 a5
36.bxa6 bxa6 37.Rhd1 a5 38.Rb5 a4 39.Rd3 Reb8 40.Rxb8+ Rxb8 41.Be7 Na5 42.Ra3 Rb3+
43.Ke2 Rxa3 44.Bxa3 Nc4 45.Bc5 f5 46.Kd3 Ne5+ 47.Kc3 Kf7 48.f4 Ng4 49.h3 Nf6
50.Kd4 Ke6 51.Ba3 Nh5 52.Bc1 a3 53.Kc3 a2 54.Kb2 Kd5 55.g4 Ng3 56.gxf5 gxf5
57.Kxa2 Ke4  0-1

[Event "Bern zt"]
[Site "Bern"]
[Date "1990.??.??"]
[Round "10"]
[White "Kindermann, Stefan"]
[Black "Wahls, Matthias"]
[Result "1-0"]
[WhiteElo "2560"]
[BlackElo "2565"]

1.e4 d6 2.d4 Nf6 3.Nc3 e5 4.Nf3 Nbd7 5.Bc4 Be7 6.O-O O-O 7.Qe2 c6 8.Rd1 Qc7
9.a4 a5 10.h3 exd4 11.Nxd4 Re8 12.Be3 Bf8 13.Ba2 Nxe4 14.Bxf7+ Kxf7 15.Qh5+ Kg8
16.Qxe8 Ndf6 17.Ne6 Nxe8 18.Nxc7 Nxc7 19.Nxe4 d5 20.Ng5 Bf5 21.Rd2 h6 22.Nf3 Be4
23.Ne5 Bd6 24.Nd3 Ne6 25.Re1 Kf7 26.f3 Bf5 27.Bf2 Rd8 28.Bb6 Ra8 29.Rde2 Nf8
30.Bd4 Bxd3 31.cxd3 Ng6 32.Bc3 Nf4 33.Re3 c5 34.d4 c4 35.Rb1 Bb4 36.Kf1 h5
37.h4 Ra6 38.g3 Nd3 39.Ke2 Rb6 40.Rxd3 cxd3+ 41.Kxd3 Bxc3 42.Kxc3 Rf6 43.Rf1 Rc6+
44.Kd3 Rb6 45.Rc1 Rxb2 46.Rc5 Rb3+ 47.Ke2 Ke6 48.Rxa5 Ra3 49.Rb5 Rxa4 50.Rxb7 Kf6
51.Ke3 g6 52.g4 hxg4 53.fxg4 Ra3+ 54.Kf4 Rd3 55.g5+ Ke6 56.Rb6+ Kf7 57.Ke5 Rh3
58.Rf6+ Kg7 59.Rf4  1-0

[Event "Biel op"]
[Site "Biel"]
[Date "1990.??.??"]
[Round "1"]
[White "Kengis, Edvins"]
[Black "Leutke, J."]
[Result "1-0"]
[WhiteElo "2545"]
[BlackElo "2295"]

1.e4 d6 2.d4 Nf6 3.Nc3 e5 4.dxe5 dxe5 5.Qxd8+ Kxd8 6.Bg5 Be6 7.g3 h6 8.O-O-O+ Kc8
9.Bxf6 gxf6 10.f4 c6 11.fxe5 fxe5 12.Bh3 Bxh3 13.Nxh3 Be7 14.Rhf1 f6 15.Ng1 Nd7
16.Nf3 Kc7 17.Nh4 Bb4 18.Nb1 Rhg8 19.c3 Bf8 20.Nd2 b5 21.Kc2 a5 22.a4 Rg4
23.Nf5 h5 24.axb5 cxb5 25.Ne3 Rg6 26.Nf3 Ra6 27.Nh4 Rh6 28.Rd5 Nb6 29.Rd2 a4
30.Nhf5 Rh7 31.Nd5+ Nxd5 32.Rxd5 b4 33.cxb4 Rc6+ 34.Kd3 Bxb4 35.Ra1 Ra6 36.Rc1+ Rc6
37.Rc4 Rxc4 38.Kxc4 Be1 39.Rd6 h4 40.Ra6 Kb7 41.Rxa4 hxg3 42.hxg3 Rh2 43.Ra1 Bf2
44.b4 Bb6 45.Kb5 Bd4 46.Ra6 Re2 47.Rxf6 Kc7 48.Rf7+ Kd8 49.Kc6  1-0

[Event "Biel op (Women)"]
[Site "Biel"]
[Date "1990.??.??"]
[Round "1"]
[White "Richtrova, Eliska"]
[Black "Modrova, Hana"]
[Result "1-0"]
[WhiteElo "2340"]
[BlackElo "2085"]

1.e4 d6 2.d4 Nf6 3.Nc3 c6 4.Nf3 Bg4 5.h3 Bh5 6.Be2 e6 7.O-O Be7 8.Re1 d5
9.exd5 cxd5 10.Bf4 O-O 11.g4 Bg6 12.Ne5 Nc6 13.Nxg6 hxg6 14.a3 Rc8 15.Bf3 Nh7
16.Qd3 Bh4 17.Rad1 Qf6 18.Ne2 Ng5 19.Bg2 e5 20.dxe5 Nxe5 21.Bxe5 Qxe5 22.Nd4 Qf6
23.Rd2 Rfe8 24.Re3 Rxe3 25.Qxe3 Ne4 26.Re2 Bg5 27.Qd3 Nc5 28.Qd1 Ne6 29.Nxe6 fxe6
30.Rxe6 Qxb2 31.Qxd5  1-0

[Event "Biel op"]
[Site "Biel"]
[Date "1990.??.??"]
[Round "5"]
[White "Ionescu, Constantin"]
[Black "Gavrikov, Viktor"]
[Result "1/2-1/2"]
[WhiteElo "2440"]
[BlackElo "2580"]

1.d4 d6 2.e4 Nf6 3.Nc3 e5 4.Nf3 Nbd7 5.Bc4 Be7 6.O-O O-O 7.h3 c6 8.a4 Qc7
9.Ba2 b6 10.Qe2 Bb7 11.Be3 a6 12.dxe5  1/2-1/2

[Event "Biel-B"]
[Site "Biel"]
[Date "1990.??.??"]
[Round "6"]
[White "Ioseliani, Nana"]
[Black "Costa, Jean Luc"]
[Result "1/2-1/2"]
[WhiteElo "2480"]
[BlackElo "2405"]

1.e4 d6 2.d4 Nf6 3.Nc3 e5 4.Nf3 Nbd7 5.Bc4 Be7 6.O-O c6 7.a4 O-O 8.Re1 a5
9.h3 Nb6 10.Ba2 Nfd7 11.Be3 exd4 12.Qxd4 Nc5 13.Rad1 Be6 14.Bxe6 fxe6 15.e5 d5
16.Qg4 Qe8 17.Nd4 Qg6 18.Qxg6 hxg6 19.Nxe6 Nxe6 20.Bxb6 Rf4 21.b3 Rb4 22.Be3 d4
23.Na2 dxe3 24.Nxb4 exf2+ 25.Kxf2 Bxb4 26.Re4 Bc5+ 27.Kg3 Rf8 28.c3 Be7 29.b4 Rd8
30.Rxd8+ Bxd8 31.Kf2 Kf7 32.Ke2 axb4 33.cxb4 Nc7 34.Kd3 Be7 35.Kc4 b5+ 36.Kb3 bxa4+
37.Kxa4 Nd5 38.Rg4 g5 39.Ka5 Ke6 40.b5 Bd8+ 41.Ka6 cxb5 42.Kxb5 Kxe5 43.Kc6 Bf6
44.Kd7 Kf5 45.Ke8 Be5 46.Ra4 Nf4 47.g4+ Ke6 48.Ra3 Kd5 49.Kf7 Ke4 50.Rb3 Bf6
51.Ra3 Nd3 52.Kg6 Ne5+ 53.Kh5 Kf4 54.Ra4+ Kg3 55.Ra3+ Kg2 56.Re3 Nf3 57.Rd3 Ng1
58.h4 gxh4 59.g5 Be7 60.Kxh4 Nf3+ 61.Kh5 Bb4 62.Rb3 Bd6 63.Rb7 Be5 64.Kg6  1/2-1/2

[Event "Biel op (Women)"]
[Site "Biel"]
[Date "1990.??.??"]
[Round "8"]
[White "Filipovic, Irena"]
[Black "Modrova, Hana"]
[Result "1-0"]
[WhiteElo "2025"]
[BlackElo "2085"]

1.e4 d6 2.d4 Nf6 3.Nc3 c6 4.h3 Nbd7 5.f4 Qa5 6.Bd3 e5 7.Nf3 Be7 8.O-O exd4
9.Nxd4 Nc5 10.Kh1 Nxd3 11.Qxd3 Bd7 12.e5 dxe5 13.fxe5 Qxe5 14.Bf4 Qh5 15.Rae1 Kf8
16.Re5 Qg6 17.Qe3 Bd6 18.Rg5 Bxf4 19.Qxf4 Qh6 20.Qd6+ Kg8 21.Qxf6 Qxf6 22.Rxf6 h6
23.Rg3 Re8 24.Rd6 Bc8 25.Rd3 Kh7 26.Rd2 Rhf8 27.Nb3 f5 28.Re2 f4 29.Rxe8 Rxe8
30.Nd4 g5 31.Nf3 Bf5 32.Rf6 Bg6 33.Rd6 Re7 34.Nd4 c5 35.Ne6 Bxc2 36.Nd5 Rf7
37.Nxc5 f3 38.Nf6+ Kg7 39.Nh5+ Kh7 40.gxf3 Rxf3 41.Kg2 Rf2+  1-0

[Event "Bordeaux"]
[Site "Bordeaux"]
[Date "1990.??.??"]
[Round "1"]
[White "Palac, Mladen"]
[Black "Rausis, Igors"]
[Result "1-0"]
[WhiteElo "2505"]
[BlackElo "2470"]

1.e4 d6 2.d4 Nf6 3.Nc3 c6 4.f4 Qa5 5.e5 Ne4 6.Qf3 Nxc3 7.Bd2 Bf5 8.Bd3 Bxd3
9.cxd3 Qd5 10.bxc3 Qxf3 11.Nxf3 Nd7 12.Ke2 e6 13.Rhb1 Rb8 14.a4 Be7 15.a5 O-O
16.c4 f6 17.Bb4 c5 18.exd6 Bxd6 19.dxc5 Bxc5 20.Bxc5 Nxc5 21.Rb5 Rfc8 22.d4 Nd7
23.Kd3 Rc7 24.Re1 Rd8 25.Kc3 Rdc8 26.c5 Kf7 27.Nd2 e5 28.Nc4 exd4+ 29.Kxd4 Kg6
30.Nd6 Rb8 31.Re7 f5 32.c6 a6 33.Rxd7 Rxc6 34.Rb6  1-0

[Event "Bordeaux"]
[Site "Bordeaux"]
[Date "1990.??.??"]
[Round "3"]
[White "Izeta Txabarri, Felix"]
[Black "Rausis, Igors"]
[Result "1-0"]
[WhiteElo "2380"]
[BlackElo "2470"]

1.d4 d6 2.e4 Nf6 3.Nc3 c6 4.f4 Qa5 5.e5 Nd5 6.Bd2 Qb6 7.Nf3 Qxb2 8.Nxd5 cxd5
9.Rb1 Qa3 10.Bd3 Nc6 11.O-O e6 12.Rb3 Qxa2 13.Bc3 dxe5 14.Nxe5 a5 15.Bb5 Bd7
16.Nxd7 Kxd7 17.f5 a4 18.fxe6+ fxe6 19.Rf7+ Be7 20.Bxc6+ Kxc6 21.Rb2 Qa3
22.Qd3 Ra7 23.Qb5+ Kc7 24.Qb4 Qxb4 25.Bxb4 Rd8 26.Rxg7 Rd7 27.Rxe7 Rxe7 28.Bxe7 Kc6
29.Kf2 b5 30.Bb4 Rf7+ 31.Ke2 Rf4 32.c3 e5 33.dxe5 d4 34.cxd4 Rxd4 35.Ke3 Kd5
36.Rd2 Rxd2 37.Kxd2 Kxe5 38.Ke3 Kd5 39.Kd3 Ke5 40.Ke3 Kd5 41.Kd3 Ke5 42.g3 Kf5
43.h3 Ke5 44.Bf8 Kd5 45.h4 Ke5 46.Kc3 Ke4 47.Kb4 Kf3 48.Bd6 Kg4 49.Kxb5 a3
50.Bxa3 Kxg3 51.Be7  1-0

[Event "CSR-ch U16"]
[Site "Brno"]
[Date "1990.??.??"]
[Round "?"]
[White "Belaska, Premysl"]
[Black "Pribyl, Martin"]
[Result "1/2-1/2"]
[WhiteElo "2320"]
[BlackElo "2215"]

1.e4 d6 2.d4 Nf6 3.Nc3 c6 4.f4 Qa5 5.Bd2 Qb6 6.Nf3 Bg4 7.Bc4 Bxf3 8.Qxf3 Qxd4
9.Bb3 e5 10.fxe5 Qxe5 11.g4 Qe7 12.g5 Nfd7 13.Bf4 Na6 14.O-O-O Nac5 15.Bxd6 Nxb3+
16.axb3 Qe6 17.e5 Be7 18.h4 Nxe5 19.Bxe5 Qxe5 20.Rhe1 Qc7 21.Ne4 O-O 22.Nf6+ Bxf6
23.gxf6 Rfe8 24.Qg4 g6 25.Rxe8+ Rxe8 26.h5 Qe5 27.hxg6 hxg6 28.Qh4 Qh5 29.Qd4 b5
30.Kb1 a5 31.Qd7 Qe5 32.Qxc6 a4 33.bxa4 bxa4 34.Qxa4 Rb8 35.Qd4 Qa5 36.Qd2 Qb5
37.b3 Qe5 38.Qd6 Qxd6 39.Rxd6 Kh7 40.Rd7 g5 41.Rxf7+ Kg6 42.Rd7 Kxf6 43.Kb2 g4
44.c4 g3 45.Rd1  1/2-1/2

[Event "CSR-ch"]
[Site "Brno"]
[Date "1990.??.??"]
[Round "6"]
[White "Salai, Ladislav"]
[Black "Pribyl, Josef"]
[Result "0-1"]
[WhiteElo "2395"]
[BlackElo "2440"]

1.e4 d6 2.d4 Nf6 3.Nc3 c6 4.a4 a5 5.Nf3 Bg4 6.Be2 e6 7.O-O Be7 8.Be3 d5 9.e5 Nfd7
10.Nd2 Bxe2 11.Qxe2 Qb6 12.Rab1 Qa6 13.Qg4 g6 14.Bg5 h5 15.Qf4 Bxg5 16.Qxg5 Qb6
17.Nb3 Qb4 18.Rfe1 Na6 19.Re3 Nc7 20.Rd1 Qe7 21.h4 Qxg5 22.hxg5 Ke7 23.Ne2 Ra6
24.Nc5 Rb6 25.Nxd7 Kxd7 26.b3 Ra6 27.Nf4 Ra7 28.Rh3 Raa8 29.Kf1 Na6 30.Ke2 Ke7
31.Rdh1 Rhg8 32.Nd3 b6 33.Rh4 Rac8 34.c4 Rgd8 35.Rc1 c5 36.cxd5 Rxd5 37.Nf4 Rdd8
38.g4 Rxd4 39.gxh5 Re4+ 40.Kf3 Rxe5 41.hxg6 Rxg5 42.Rh7 Rf8 43.g7 Rg8 44.Nh5 Nc7
45.Rh1 f6 46.Ke2 Ne8 47.f4 Rd5 48.Rg1 Kf7 49.Rh8 Rd4 50.Rxg8 Kxg8 51.Rg6 c4
52.bxc4 Rxc4 53.Nxf6+ Nxf6 54.Rxf6 Re4+ 55.Kf3 Kxg7 56.Kxe4 Kxf6 57.Ke3 Kg6
58.Ke4 Kf6 59.Ke3 Ke7 60.Ke4 Kd6 61.Kd4 Kc7  0-1

[Event "CSR-ch"]
[Site "Brno"]
[Date "1990.??.??"]
[Round "14"]
[White "Hracek, Zbynek"]
[Black "Pribyl, Josef"]
[Result "0-1"]
[WhiteElo "2390"]
[BlackElo "2440"]

1.e4 d6 2.d4 Nf6 3.Nc3 c6 4.f4 Qa5 5.Bd3 e5 6.Nf3 Bg4 7.dxe5 dxe5 8.fxe5 Nfd7
9.Be2 Bb4 10.Bd2 Bxf3 11.gxf3 Qxe5 12.O-O Nf6 13.Kh1 Nbd7 14.a3 Bc5 15.f4 Qd4
16.Bd3 h5 17.b4 Bb6 18.e5 Ng4 19.Ne4 O-O-O 20.Nd6+ Kb8 21.Qf3 Ndxe5 22.fxe5 Nxe5
23.Qg2 Qxd6 24.Bf4 Bc7 25.Rae1 f6 26.Bxe5 fxe5 27.Be4 Qh6 28.Re2 Rhf8 29.Rb1 h4
30.h3 Rd6 31.b5 cxb5 32.c4 Rfd8 33.Bd5 Rg6 34.Qe4 Rg3 35.Rxb5 Rxh3+ 36.Kg2 Qg5+
37.Kf1 Rf8+ 38.Rf2 Rxf2+ 39.Kxf2 Rh2+ 40.Kf1 Qc1+ 41.Qe1 Qf4+ 42.Kg1 b6 43.Rb3 Bd6
44.Qe3 Qxe3+ 45.Rxe3  0-1

[Event "Budapest IM-A"]
[Site "Budapest"]
[Date "1990.??.??"]
[Round "1"]
[White "Krstic, Mladen"]
[Black "Busch, Klaus"]
[Result "1-0"]
[WhiteElo "2280"]
[BlackElo "2305"]

1.e4 d6 2.d4 Nf6 3.Nc3 c6 4.Bg5 Nbd7 5.Qd2 e5 6.Nf3 Be7 7.O-O-O O-O 8.g4 b5
9.Bxf6 Nxf6 10.g5 Nh5 11.Rg1 Qc7 12.Kb1 Re8 13.Ne2 g6 14.Nh4 a6 15.f4 exd4
16.Qxd4 Bf8 17.f5 Bb7 18.Bg2 d5 19.Bf3 Nf4 20.Nxf4 Qxf4 21.Rg4 Qc7 22.exd5 cxd5
23.Qd3 Bc5 24.fxg6 hxg6 25.a3 Re3 26.Qf1 Rae8 27.Ng2 R3e5 28.h4 Bc8 29.Rf4 d4
30.h5 Rxg5 31.hxg6 fxg6 32.Rh4  1-0

[Event "Elekes mem"]
[Site "Budapest"]
[Date "1990.??.??"]
[Round "4"]
[White "Tolnai, Tibor"]
[Black "Costa, Jean Luc"]
[Result "0-1"]
[WhiteElo "2490"]
[BlackElo "2360"]

1.e4 d6 2.d4 Nf6 3.Nc3 e5 4.Nf3 Nbd7 5.Bc4 Be7 6.dxe5 dxe5 7.Qe2 c6 8.O-O b5
9.Bb3 Rb8 10.a4 a6 11.axb5 axb5 12.Bg5 Qc7 13.Bh4 O-O 14.Rfd1 h6 15.h3 Re8
16.Bg3 Bf8 17.Nb1 Nc5 18.Nbd2 Nxb3 19.Nxb3 c5 20.Nbd2 c4 21.c3 Bb7 22.Nd4 Qb6
23.Nc2 Rbd8 24.Kh2 Qc6 25.f3 Nh5 26.Nf1 Nxg3 27.Kxg3 Bc5 28.Nfe3 Qb6 29.Kh2 g6
30.Rab1 Qf6 31.g3 Rd3 32.b3 Rxc3 33.bxc4 b4 34.Rxb4 Rxe3 35.Nxe3 Bxb4 36.Rb1 Qd6
37.Nc2 Bc5 38.Rxb7 Rd8 39.Rb2 Qd2 40.Ne1 Qd4 41.Qg2 Qd1 42.Re2 Qc1 43.f4 exf4
44.gxf4 Rd1 45.Qg3 Bb4 46.f5 Rxe1 47.Rxe1 Qxe1 48.Qb8+ Bf8 49.fxg6 Qf2+ 50.Kh1 Qe1+
51.Kh2 Qd2+ 52.Kh1 Qe1+ 53.Kh2 fxg6 54.Qe8 Qf2+ 55.Kh1 Qf7 56.Qc6 Qf3+ 57.Kh2 Qf4+
58.Kg2 Kh7 59.Qd5 Qd6 60.e5 Qxd5+ 61.cxd5 Bg7 62.e6 Bf8 63.Kf3 Kg7  0-1

[Event "Budapest IM-A"]
[Site "Budapest"]
[Date "1990.??.??"]
[Round "5"]
[White "Mann, Christian"]
[Black "Busch, Klaus"]
[Result "1-0"]
[WhiteElo "2305"]
[BlackElo "2305"]

1.e4 d6 2.d4 Nf6 3.Nc3 c6 4.f4 Qa5 5.Bd2 e5 6.Nd5 Qd8 7.Nxf6+ Qxf6 8.dxe5 dxe5
9.Nf3 Bg4 10.fxe5 Qg6 11.Bd3 Nd7 12.Bc3 Bc5 13.Qd2 O-O-O 14.O-O-O Rhe8 15.Qf4 Bxf3
16.gxf3 Qe6 17.Kb1 Nxe5 18.Be2 Ng6 19.Qg5 Bf8 20.Qa5 a6 21.Bxa6 bxa6 22.Qxa6+ Kb8
23.Qb6+ Kc8 24.Qa6+ Kb8 25.Qb6+ Kc8 26.Qa7  1-0

[Event "Spring op"]
[Site "Budapest"]
[Date "1990.??.??"]
[Round "8"]
[White "Kachiani Gersinska, Ketino"]
[Black "Ruf, Matthias"]
[Result "1/2-1/2"]
[WhiteElo "2365"]
[BlackElo "2295"]

1.d4 d6 2.e4 Nf6 3.Nc3 c6 4.a4 g6 5.a5 Bg7 6.Be2 O-O 7.Nf3 d5 8.exd5 cxd5
9.Ne5 Ne8 10.O-O f6 11.Nf3 Nc6 12.Ra4 Be6 13.a6 b6 14.Bb5 Qd7 15.Bf4 Rc8
16.Re1 Bf7 17.Qd2 Nd6 18.Bxd6 Qxd6 19.Raa1  1/2-1/2

[Event "Spring op"]
[Site "Budapest"]
[Date "1990.??.??"]
[Round "9"]
[White "Lengyel, Bela"]
[Black "Titov, German"]
[Result "1-0"]
[WhiteElo "2375"]
[BlackElo "2460"]

1.e4 d6 2.d4 Nf6 3.Nc3 c6 4.Nf3 g6 5.a4 Bg7 6.Be2 O-O 7.O-O Nbd7 8.Bf4 Qa5
9.Nd2 Qc7 10.Nc4 e5 11.dxe5 dxe5 12.Be3 Rd8 13.Qd6 Ne8 14.Qxc7 Nxc7 15.Nd6 Ne6
16.Rfd1 Nd4 17.Bc4 Rf8 18.Rd2 Nc5 19.f4 Bh6 20.Re1 Nce6 21.fxe5 Bxe3+ 22.Rxe3 b6
23.Red3 c5 24.Nd5 Nc6 25.Nf6+ Kg7 26.Bd5 Bd7 27.Nxd7  1-0

[Event "Spring op"]
[Site "Budapest"]
[Date "1990.??.??"]
[Round "9"]
[White "Feher, Gyula"]
[Black "Borloy, Karoly"]
[Result "1-0"]
[WhiteElo "2390"]
[BlackElo "2290"]

1.e4 d6 2.d4 Nf6 3.Nc3 c6 4.f4 g6 5.Nf3 Bg7 6.Bd3 O-O 7.O-O Bg4 8.e5 dxe5
9.dxe5 Nd5 10.h3 Bxf3 11.Qxf3 Na6 12.Bc4 Nxc3 13.Qxc3 Nc7 14.Kh1 Nd5 15.Qf3 e6
16.Bd3 Qb6 17.c4 Ne7 18.b3 c5 19.Be4 f5 20.exf6 Bxf6 21.Rb1 Nc6 22.Be3 Bd4
23.Bd2 Rad8 24.Qg4 Rde8 25.Rbe1 Ne7 26.Qf3 Nc6 27.h4 Qd8 28.g3 Qc7 29.Re2 Re7
30.Qg4 Qd7 31.h5 Rg7 32.hxg6 hxg6 33.Kg2 Ne7 34.Rh1 Nf5 35.Qh3 Rh7 36.Qxh7+ Qxh7
37.Rxh7 Kxh7 38.Bxb7 Re8 39.Bc6 Re7 40.g4 Nd6 41.Bd5 e5 42.fxe5 Rxe5 43.Rxe5 Bxe5
44.Be3 Bd4 45.Bxd4 cxd4 46.Kf3 Kg7 47.c5 Nb5 48.Ke4 Kf6 49.a4 Nc7 50.Kxd4 Kg5
51.Bf3  1-0

[Event "Cali zt"]
[Site "Cali"]
[Date "1990.??.??"]
[Round "1"]
[White "Zapata, Alonso"]
[Black "Alzate, Dario"]
[Result "1-0"]
[WhiteElo "2480"]
[BlackElo "2390"]

1.e4 d6 2.d4 Nf6 3.Nc3 Nbd7 4.Nf3 e5 5.a4 Be7 6.g3 O-O 7.Bg2 Re8 8.O-O a5
9.b3 c6 10.Re1 Bf8 11.Bb2 Qb6 12.Qd2 exd4 13.Nxd4 Nc5 14.h3 Bd7 15.Rad1 Rad8
16.Kh2 Bc8 17.f4 g6 18.Qf2 Bg7 19.Rd2 Qc7 20.Ba3 Bf8 21.Rde2 Nfd7 22.Nf3 b6
23.Bb2 Ba6 24.Rd2 Bg7 25.Nd4 Ne6 26.Nd1 Nxd4 27.Bxd4 Bxd4 28.Rxd4 Nc5 29.Nc3 Ne6
30.Rd2 Nc5 31.Red1 Bb7 32.Qd4 Rd7 33.h4 Ne6 34.Qf6 Qd8 35.Qxd8 Rexd8 36.Bh3 h6
37.f5 gxf5 38.exf5 Nc5 39.f6 Ne6 40.Ne2 d5 41.Nf4 Rd6 42.Bxe6 fxe6 43.Rf2 e5
44.Ng6 Rf8 45.Nxf8 Kxf8 46.g4 Kf7 47.g5 hxg5 48.hxg5 Rd8 49.g6+  1-0